000 00334 a2200157 4500
001 62022
020 _a9788510054119
040 _cAnchieta - Pituba
100 _aMagalhães, Cláudia
240 1 0 _aGeografia 8
_lpor
245 1 0 _aGeografia 8
300 _a271/63
362 0 _a2013
650 4 _aGeografia e viagens
942 _cBK
999 _c62022
_d62022